[Event "Gijon op 1st"]
[Site "Gijon"]
[Date "2023.06.26"]
[Round "1"]
[White "Perez Muela, Diego"]
[Black "Del Rio de Angelis, Salvador Gabriel"]
[Result "0-1"]
[WhiteElo "1788"]
[BlackElo "2434"]
[PlyCount "40"]
[EventDate "2023.06.26"]
[EventType "swiss"]
[EventRounds "9"]
[EventCountry "ESP"]
[SourceTitle "EXT 2024"]
[Source "ChessBase"]
[SourceDate "2023.10.10"]
[SourceVersion "1"]
[SourceVersionDate "2023.10.10"]
[SourceQuality "1"]

1. Nf3 g6 2. c4 d6 3. d4 Bg7 4. Nc3 c5 5. e4 Bg4 6. Be3 Bxf3 7. gxf3 cxd4 8. Bxd4 Bxd4 9. Qxd4 Nf6 10. Nd5 e5 11. Qc3 Nc6 12. Rd1 0-0 13. f4 Nxe4 14. Qf3 f5 15. Bd3 Qa5+ 16. b4 Nxb4 17. 0-0 Nxd5 18. Bxe4 fxe4 19. Qxe4 Nxf4 20. Rxd6 Rf7 0-1

[Event "Oviedo op 8th"]
[Site "Oviedo"]
[Date "2022.07.20"]
[Round "6"]
[White "Perez Muela, Diego"]
[Black "Cueva Escandon, Jose Manuel"]
[Result "1-0"]
[WhiteElo "1703"]
[BlackElo "1491"]
[PlyCount "43"]
[EventDate "2022.07.17"]
[EventType "swiss"]
[EventRounds "9"]
[EventCountry "ESP"]
[SourceTitle "CBM 209 Extra"]
[Source "ChessBase"]
[SourceDate "2022.09.30"]
[SourceVersion "1"]
[SourceVersionDate "2022.09.30"]
[SourceQuality "1"]

1. Nf3 Nf6 2. c4 e6 3. Nc3 d5 4. e3 c5 5. cxd5 exd5 6. d4 Bf5 7. Qb3 h6 8. Bb5+ Nbd7 9. Nxd5 Be7 10. Nxe7 Qxe7 11. dxc5 Qxc5 12. Bd2 Be6 13. Qa4 a5 14. Rc1 Qf5 15. Nd4 Qg4 16. Nxe6 Qxe6 17. Bb4 Nd5 18. Ba3 Rd8 19. 0-0 Nb4 20. Bxb4 axb4 21. Qxb4 Ra8 22. Rfd1 1-0

[Event "Oviedo op 8th"]
[Site "Oviedo"]
[Date "2022.07.18"]
[Round "3"]
[White "Garcia Garcia, Samuel"]
[Black "Perez Muela, Diego"]
[Result "1-0"]
[WhiteElo "2084"]
[BlackElo "1703"]
[PlyCount "57"]
[EventDate "2022.07.17"]
[EventType "swiss"]
[EventRounds "9"]
[EventCountry "ESP"]
[SourceTitle "CBM 209 Extra"]
[Source "ChessBase"]
[SourceDate "2022.09.30"]
[SourceVersion "1"]
[SourceVersionDate "2022.09.30"]
[SourceQuality "1"]

1. d4 d5 2. Nf3 Nf6 3. c4 c6 4. g3 Bf5 5. Bg2 e6 6. 0-0 h6 7. Nc3 Be7 8. Nd2 0-0 9. e4 dxe4 10. Ndxe4 Nbd7 11. Be3 Nxe4 12. Nxe4 Nf6 13. Nc3 b5 14. cxb5 cxb5 15. Bxa8 Qxa8 16. f3 b4 17. Na4 Bh3 18. Re1 Ng4 19. Qe2 Nxe3 20. Qxe3 Bf6 21. Nc5 Rd8 22. Rad1 Qd5 23. Nb3 a5 24. Qe4 a4 25. Nc1 Bxd4+ 26. Kh1 Qc5 27. Qh4 Bg2+ 28. Kxg2 g5 29. Qe4 1-0

[Event "Oviedo op 8th"]
[Site "Oviedo"]
[Date "2022.07.18"]
[Round "2"]
[White "Perez Muela, Diego"]
[Black "Gonzalez Guijas, Sergio"]
[Result "1-0"]
[WhiteElo "1703"]
[BlackElo "1394"]
[PlyCount "97"]
[EventDate "2022.07.17"]
[EventType "swiss"]
[EventRounds "9"]
[EventCountry "ESP"]
[SourceTitle "CBM 209 Extra"]
[Source "ChessBase"]
[SourceDate "2022.09.30"]
[SourceVersion "1"]
[SourceVersionDate "2022.09.30"]
[SourceQuality "1"]

1. Nf3 Nf6 2. c4 e6 3. Nc3 d5 4. e3 Be7 5. b3 0-0 6. Bb2 Nbd7 7. Be2 Re8 8. Qc2 b6 9. Rg1 Bb7 10. g4 dxc4 11. bxc4 Bb4 12. g5 Nh5 13. h4 g6 14. Nh2 Ng7 15. Ng4 Nf5 16. 0-0-0 Nxh4 17. Nh6+ Kf8 18. e4 Nc5 19. Rg4 Nf3 20. Bxf3 Nd3+ 21. Kb1 Ne5 22. Rg3 Nxc4 23. Ka1 Nxb2 24. Qxb2 Bd6 25. Rg2 Be5 26. Qb4+ c5 27. Qb2 Qd3 28. Be2 Qh3 29. Rgg1 Bxe4 30. d4 Bxd4 31. Rxd4 cxd4 32. Nxe4 Red8 33. Rd1 e5 34. Qb4+ Kg7 35. Qe7 Qe6 36. Qxe6 fxe6 37. Ng4 Rac8 38. Kb2 Rc7 39. Ba6 Rf8 40. Nxe5 Rf4 41. Rxd4 Rf5 42. Ng4 e5 43. Rd8 Rf4 44. Nef6 Rb4+ 45. Ka3 Rb1 46. Nxe5 Rc3+ 47. Ka4 b5+ 48. Bxb5 a6 49. Rg8# 1-0